| 000 | 00454nam a22001577a 4500 | ||
|---|---|---|---|
| 999 |
_c478321 _d478321 |
||
| 003 | NUST | ||
| 005 | 20180521071357.0 | ||
| 008 | 180521b ||||| |||| 00| 0 eng d | ||
| 020 | _a9788121904711 | ||
| 082 | _a515.35 | ||
| 100 |
_aShanti Narayan _910406 |
||
| 245 |
_aDifferential Calculus _b(For B.A. and B.Sc. Students) _cShanti Narayan |
||
| 260 |
_aNew Delhi India _bShyam Lal Charitable Trust _c2011 |
||
| 300 |
_a572 p. _bPb. |
||
| 942 |
_2ddc _cBK |
||